El Algodón en Centroamérica
Características generales del algodón en Centroamerica (periodo 1966-1967), describe la situación algodonera referente a produción, comercio, consumo, semilla, y políticas gubernamentales. Contiene estadísticas a nivel centroamericano sobre número de productores, superficie sembrada, producción, exp...
Αποθηκεύτηκε σε:
| Συγγραφή απο Οργανισμό/Αρχή: | |
|---|---|
| Μορφή: | Κείμενο |
| Έκδοση: |
Guatemala:
SIECA
|
| Θέματα: | |
| Ετικέτες: |
Προσθήκη ετικέτας
Δεν υπάρχουν, Καταχωρήστε ετικέτα πρώτοι!
|
MARC
| LEADER | 00000 a a2200000 04500 | ||
|---|---|---|---|
| 001 | 19854 | ||
| 003 | |||
| 040 | |||
| 090 | |a 080400 | ||
| 110 | |a SIECA | ||
| 245 | |a El Algodón en Centroamérica | ||
| 260 | |a Guatemala: |b SIECA | ||
| 300 | |a 26 p. | ||
| 520 | |a Características generales del algodón en Centroamerica (periodo 1966-1967), describe la situación algodonera referente a produción, comercio, consumo, semilla, y políticas gubernamentales. Contiene estadísticas a nivel centroamericano sobre número de productores, superficie sembrada, producción, exportación y otros, de 1956 a 1966 /ACM | ||
| 650 | |a AMERICA CENTRAL | ||
| 650 | |a ALGODON | ||
| 650 | |a ESTADISTICAS AGRICOLA | ||
| 650 | |a PUB. SIECA | ||
| 999 | |c 17169 |d 17169 | ||
